000 00566nam a22001817a 4500
003 UA-OsUOA
001 16538
007 ta
008 20040113b un ||||| |||| 00| 0 ukr d
100 _aШабаровська В.
942 _cSA
040 _aUA-OsUOA
_cUA-OsUOA
_dUA-OsUOA
245 _aКостопільській Олександро-Невській церкві - 110 років!
300 _aС.3
955 _a0
773 0 _w0
_tВічеве слово
_dКостопіль
_d2003
_g№50/13 груд./
650 7 _aКраєзнавча робота
_2UDC
999 _c302703
_d302703